[Event "DEM U10 2021"]
[Site "Willingen GER"]
[Date "2021.08.23"]
[Round "2"]
[White "Böhler, Yannic"]
[Black "Zimmer, Tim"]
[Result "0-1"]
[Termination "normal"]
[Board "25"]
[WhiteElo "1150"]
[BlackElo "1013"]
[WhiteClock "00:16:52"]
[BlackClock "00:21:23"]
[PlyCount "116"]
[WhiteFideId "34609059"]
[BlackFideId "34603115"]
[EventCountry "GER"]
[EventRounds "11"]
[EventType "swiss"]
[EventDate "2021.08.22"]

1. c4 {[%clk 01:15:59]} {[%emt 00:00:01]} e5 {[%clk 01:14:47]} {[%emt
00:01:12]} 2. Nc3 {[%clk 01:16:22]} {[%emt 00:00:08]} Nf6 {[%clk 01:14:27]}
{[%emt 00:00:48]} 3. g3 {[%clk 01:16:34]} {[%emt 00:00:19]} Nc6 {[%clk
01:13:00]} {[%emt 00:01:58]} 4. Nf3 {[%clk 01:16:56]} {[%emt 00:00:07]} d6
{[%clk 01:09:26]} {[%emt 00:04:04]} 5. Bg2 {[%clk 01:15:59]} {[%emt 00:01:28]}
Be6 {[%clk 01:08:41]} {[%emt 00:01:14]} 6. d3 {[%clk 01:15:15]} {[%emt
00:01:14]} Be7 {[%clk 01:07:12]} {[%emt 00:01:59]} 7. O-O {[%clk 01:15:12]}
{[%emt 00:00:34]} O-O {[%clk 01:06:34]} {[%emt 00:01:08]} 8. Bg5 {[%clk
01:11:46]} {[%emt 00:03:56]} Qd7 {[%clk 00:55:54]} {[%emt 00:11:10]} 9. Rb1
{[%clk 01:08:25]} {[%emt 00:03:51]} a5 {[%clk 00:47:15]} {[%emt 00:09:10]} 10.
a3 {[%clk 01:05:12]} {[%emt 00:03:43]} d5 {[%clk 00:41:11]} {[%emt 00:06:33]}
11. cxd5 {[%clk 01:01:26]} {[%emt 00:04:15]} Nxd5 {[%clk 00:40:54]} {[%emt
00:00:48]} 12. Qd2 {[%clk 00:58:34]} {[%emt 00:03:22]} Bc5 {[%clk 00:36:30]}
{[%emt 00:04:52]} 13. h3 {[%clk 00:52:48]} {[%emt 00:06:17]} f5 {[%clk
00:32:48]} {[%emt 00:04:12]} 14. Nxd5 {[%clk 00:49:09]} {[%emt 00:04:07]} Bxd5
{[%clk 00:28:33]} {[%emt 00:04:45]} 15. Rfc1 {[%clk 00:46:59]} {[%emt
00:02:42]} Bb6 {[%clk 00:26:52]} {[%emt 00:02:11]} 16. b4 {[%clk 00:45:10]}
{[%emt 00:02:19]} axb4 {[%clk 00:24:49]} {[%emt 00:02:33]} 17. axb4 {[%clk
00:45:05]} {[%emt 00:00:36]} e4 {[%clk 00:23:05]} {[%emt 00:02:13]} 18. dxe4
{[%clk 00:42:42]} {[%emt 00:02:53]} fxe4 {[%clk 00:22:54]} {[%emt 00:00:41]}
19. Rd1 {[%clk 00:40:01]} {[%emt 00:03:10]} exf3 {[%clk 00:21:59]} {[%emt
00:01:26]} 20. Bxf3 {[%clk 00:39:43]} {[%emt 00:00:48]} Nd4 {[%clk 00:13:33]}
{[%emt 00:08:56]} 21. Be3 {[%clk 00:35:41]} {[%emt 00:04:30]} Bxf3 {[%clk
00:11:10]} {[%emt 00:02:53]} 22. Bxd4 {[%clk 00:22:09]} {[%emt 00:14:03]} Qxd4
{[%clk 00:10:49]} {[%emt 00:00:50]} 23. exf3 {[%clk 00:21:31]} {[%emt
00:01:08]} Qxd2 {[%clk 00:10:26]} {[%emt 00:00:54]} 24. Rxd2 {[%clk 00:21:51]}
{[%emt 00:00:10]} Rxf3 {[%clk 00:10:48]} {[%emt 00:00:08]} 25. Rbd1 {[%clk
00:21:36]} {[%emt 00:00:44]} Rxg3+ {[%clk 00:09:50]} {[%emt 00:01:28]} 26. Kh1
{[%clk 00:20:43]} Rb3 {[%clk 00:10:05]} {[%emt 00:01:38]} 27. Rd7 {[%clk
00:19:21]} Rxb4 {[%clk 00:08:19]} {[%emt 00:04:09]} 28. Re7 {[%clk 00:19:36]}
Rc4 {[%clk 00:05:05]} {[%emt 00:03:58]} 29. Rdd7 {[%clk 00:19:39]} Bd4 {[%clk
00:05:09]} {[%emt 00:00:51]} 30. Kg2 {[%clk 00:17:28]} {[%emt 00:02:42]} Rf8
{[%clk 00:04:13]} {[%emt 00:01:25]} 31. f3 {[%clk 00:17:19]} {[%emt 00:00:41]}
Rc2+ {[%clk 00:01:57]} {[%emt 00:02:44]} 32. Kg3 {[%clk 00:16:49]} {[%emt
00:01:02]} Bf2+ {[%clk 00:02:15]} {[%emt 00:00:11]} 33. Kg4 {[%clk 00:16:21]}
{[%emt 00:00:59]} Rc4+ {[%clk 00:02:29]} {[%emt 00:00:14]} 34. Re4 {[%clk
00:14:24]} {[%emt 00:02:28]} Rxe4+ {[%clk 00:02:19]} {[%emt 00:00:41]} 35. fxe4
{[%clk 00:14:49]} {[%emt 00:00:06]} Rc8 {[%clk 00:02:19]} {[%emt 00:00:29]} 36.
e5 {[%clk 00:14:57]} {[%emt 00:00:23]} b6 {[%clk 00:00:55]} {[%emt 00:01:54]}
37. e6 {[%clk 00:14:45]} {[%emt 00:00:41]} c5 {[%clk 00:00:44]} {[%emt
00:00:41]} 38. e7 {[%clk 00:14:25]} {[%emt 00:00:50]} Re8 {[%clk 00:00:46]}
{[%emt 00:00:23]} 39. Kf5 {[%clk 00:10:51]} {[%emt 00:04:09]} Kf7 {[%clk
00:00:54]} {[%emt 00:00:20]} 40. Rb7 {[%clk 00:10:52]} {[%emt 00:00:31]} c4
{[%clk 00:00:50]} {[%emt 00:00:34]} 41. Rc7 {[%clk 00:11:09]} {[%emt 00:00:14]}
Bc5 {[%clk 00:01:02]} {[%emt 00:00:15]} 42. Rd7 {[%clk 00:01:20]} {[%emt
00:10:21]} Rxe7 {[%clk 00:01:22]} {[%emt 00:00:10]} 43. Rxe7+ {[%clk 00:01:09]}
{[%emt 00:00:42]} Kxe7 {[%clk 00:01:42]} {[%emt 00:00:09]} 44. Ke4 {[%clk
00:01:35]} {[%emt 00:00:04]} b5 {[%clk 00:02:04]} {[%emt 00:00:09]} 45. Kf3
{[%clk 00:01:18]} {[%emt 00:00:46]} c3 {[%clk 00:02:25]} {[%emt 00:00:07]} 46.
Ke2 {[%clk 00:01:45]} {[%emt 00:00:06]} b4 {[%clk 00:02:50]} {[%emt 00:00:06]}
47. Kd3 {[%clk 00:01:48]} Bd4 {[%clk 00:02:53]} {[%emt 00:00:50]} 48. Kc2
{[%clk 00:01:55]} {[%emt 00:00:25]} Kf6 {[%clk 00:03:18]} {[%emt 00:00:05]} 49.
Kb1 {[%clk 00:02:11]} {[%emt 00:00:14]} b3 {[%clk 00:03:40]} {[%emt 00:00:09]}
50. Kc1 {[%clk 00:01:58]} {[%emt 00:00:43]} Be3+ {[%clk 00:04:04]} {[%emt
00:00:06]} 51. Kb1 {[%clk 00:15:08]} {[%emt 00:02:20]} c2+ {[%clk 00:19:21]}
{[%emt 00:00:12]} 52. Kb2 {[%clk 00:17:00]} {[%emt 00:01:19]} c1=Q+ {[%clk
00:21:01]} 53. Kxb3 {[%clk 00:17:00]} Ke5 {[%clk 00:21:01]} 54. Kb4 {[%clk
00:17:00]} Qc5+ {[%clk 00:21:01]} 55. Kb3 {[%clk 00:17:00]} Kd4 56. Kb2 {[%emt
00:00:09]} Qc3+ {[%clk 00:21:01]} 57. Ka2 {[%clk 00:16:23]} {[%emt 00:01:06]}
Bc1 {[%clk 00:21:23]} {[%emt 00:00:09]} 58. Kb1 {[%clk 00:16:52]} {[%emt
00:00:02]} Qb2# 0-1

[Event "DEM U10 2021"]
[Site "Willingen GER"]
[Date "2021.08.23"]
[Round "2"]
[White "Schröder, Hannes Artur"]
[Black "Sheng, Ming"]
[Result "1-0"]
[Termination "normal"]
[Board "26"]
[WhiteElo "961"]
[BlackElo "1266"]
[WhiteClock "01:08:27"]
[BlackClock "01:06:42"]
[PlyCount "65"]
[WhiteFideId "34608818"]
[BlackFideId "34605258"]
[EventCountry "GER"]
[EventRounds "11"]
[EventType "swiss"]
[EventDate "2021.08.22"]

1. d4 {[%clk 01:15:52]} {[%emt 00:00:01]} Nf6 {[%clk 01:15:47]} {[%emt
00:00:20]} 2. Nf3 {[%clk 01:16:09]} {[%emt 00:00:12]} g6 {[%clk 01:15:56]}
{[%emt 00:00:22]} 3. Bf4 {[%clk 01:16:11]} {[%emt 00:00:28]} Bg7 {[%clk
01:16:16]} {[%emt 00:00:08]} 4. e3 {[%clk 01:16:24]} {[%emt 00:00:18]} O-O
{[%clk 01:16:23]} {[%emt 00:00:22]} 5. c3 {[%clk 01:16:39]} {[%emt 00:00:17]}
d5 {[%clk 01:16:44]} {[%emt 00:00:07]} 6. Bd3 {[%clk 01:16:59]} {[%emt
00:00:11]} Nbd7 {[%clk 01:16:37]} {[%emt 00:00:38]} 7. Nbd2 {[%clk 01:17:08]}
{[%emt 00:00:20]} c5 {[%clk 01:16:56]} {[%emt 00:00:10]} 8. O-O {[%clk
01:16:46]} {[%emt 00:00:54]} e6 {[%clk 01:16:58]} {[%emt 00:00:28]} 9. Ne5
{[%clk 01:16:26]} {[%emt 00:00:49]} cxd4 {[%clk 01:16:59]} {[%emt 00:00:25]}
10. Nxd7 {[%clk 01:16:30]} {[%emt 00:00:30]} Qxd7 {[%clk 01:17:09]} {[%emt
00:00:17]} 11. cxd4 {[%clk 01:16:49]} {[%emt 00:00:15]} b6 {[%clk 01:17:31]}
{[%emt 00:00:07]} 12. Be5 {[%clk 01:16:44]} {[%emt 00:00:35]} Bb7 {[%clk
01:17:37]} {[%emt 00:00:13]} 13. Re1 {[%clk 01:16:45]} {[%emt 00:00:40]} Rac8
{[%clk 01:17:23]} {[%emt 00:00:19]} 14. f3 {[%clk 01:15:56]} {[%emt 00:01:44]}
Rc6 {[%clk 01:17:07]} {[%emt 00:00:29]} 15. e4 {[%clk 01:15:53]} {[%emt
00:00:50]} Rfc8 {[%clk 01:16:38]} {[%emt 00:00:34]} 16. Bb5 {[%clk 01:16:07]}
{[%emt 00:00:39]} dxe4 {[%clk 01:16:39]} {[%emt 00:00:27]} 17. Nxe4 {[%clk
01:15:56]} {[%emt 00:00:44]} Nd5 {[%clk 01:15:52]} {[%emt 00:00:55]} 18. Bxg7
{[%clk 01:15:49]} {[%emt 00:00:58]} Kxg7 {[%clk 01:16:00]} {[%emt 00:00:09]}
19. Qd2 {[%clk 01:15:20]} {[%emt 00:01:14]} a6 {[%clk 01:15:14]} {[%emt
00:01:16]} 20. Bxc6 {[%clk 01:15:24]} {[%emt 00:00:26]} Rxc6 {[%clk 01:14:08]}
{[%emt 00:01:36]} 21. a3 {[%clk 01:14:23]} {[%emt 00:01:31]} Qc7 {[%clk
01:13:15]} {[%emt 00:01:17]} 22. Rac1 {[%clk 01:13:46]} {[%emt 00:01:13]} Rxc1
{[%clk 01:13:10]} {[%emt 00:00:29]} 23. Rxc1 {[%clk 01:13:40]} {[%emt
00:00:42]} Qd8 {[%clk 01:13:03]} {[%emt 00:00:32]} 24. Nc3 {[%clk 01:12:12]}
{[%emt 00:02:04]} Nf6 {[%clk 01:12:59]} {[%emt 00:00:31]} 25. Rd1 {[%clk
01:11:44]} {[%emt 00:00:57]} b5 {[%clk 01:12:34]} {[%emt 00:00:56]} 26. Qg5
{[%clk 01:11:50]} {[%emt 00:00:24]} Qb6 {[%clk 01:09:58]} {[%emt 00:03:07]} 27.
Qe5 {[%clk 01:11:29]} {[%emt 00:00:51]} Qc6 {[%clk 01:08:56]} {[%emt 00:01:29]}
28. Ne4 {[%clk 01:10:34]} {[%emt 00:01:28]} Qc2 {[%clk 01:06:03]} {[%emt
00:03:24]} 29. Qxf6+ {[%clk 01:09:59]} {[%emt 00:01:05]} Kg8 {[%clk 01:06:26]}
{[%emt 00:00:07]} 30. Re1 {[%clk 01:09:02]} {[%emt 00:01:27]} Bxe4 {[%clk
01:06:25]} {[%emt 00:00:30]} 31. fxe4 {[%clk 01:08:54]} {[%emt 00:00:38]} Qd2
{[%clk 01:06:36]} {[%emt 00:00:20]} 32. Rf1 {[%clk 01:08:28]} {[%emt 00:00:55]}
Qe3+ {[%clk 01:06:42]} {[%emt 00:00:26]} 33. Kh1 {[%clk 01:08:27]} {[%emt
00:00:29]} 1-0

[Event "DEM U10 2021"]
[Site "Willingen GER"]
[Date "2021.08.23"]
[Round "2"]
[White "Heitmann, Erik"]
[Black "Lange, Friedrich"]
[Result "1-0"]
[Termination "normal"]
[Board "27"]
[WhiteElo "1262"]
[BlackElo "861"]
[WhiteClock "01:21:49"]
[BlackClock "00:58:06"]
[PlyCount "104"]
[WhiteFideId "34608940"]
[BlackFideId "34608915"]
[EventCountry "GER"]
[EventRounds "11"]
[EventType "swiss"]
[EventDate "2021.08.22"]

1. d4 {[%clk 01:15:59]} d5 {[%clk 01:15:39]} {[%emt 00:00:21]} 2. Bf4 {[%clk
01:16:21]} {[%emt 00:00:08]} Nf6 {[%clk 01:15:41]} {[%emt 00:00:28]} 3. e3
{[%clk 01:16:38]} {[%emt 00:00:13]} Nc6 {[%clk 01:15:55]} {[%emt 00:00:15]} 4.
Nf3 {[%clk 01:16:55]} {[%emt 00:00:13]} Bg4 {[%clk 01:15:59]} {[%emt 00:00:26]}
5. Be2 {[%clk 01:17:14]} {[%emt 00:00:11]} e6 {[%clk 01:15:42]} {[%emt
00:00:47]} 6. O-O {[%clk 01:17:31]} {[%emt 00:00:14]} Be7 {[%clk 01:15:46]}
{[%emt 00:00:26]} 7. Nbd2 {[%clk 01:17:22]} {[%emt 00:00:38]} O-O {[%clk
01:15:54]} {[%emt 00:00:22]} 8. Re1 {[%clk 01:17:41]} {[%emt 00:00:11]} Qd7
{[%clk 01:15:47]} {[%emt 00:00:38]} 9. Ne5 {[%clk 01:17:54]} {[%emt 00:00:17]}
Nxe5 {[%clk 01:15:30]} {[%emt 00:00:47]} 10. dxe5 {[%clk 01:17:50]} {[%emt
00:00:33]} Bxe2 {[%clk 01:15:10]} {[%emt 00:00:51]} 11. Qxe2 {[%clk 01:17:42]}
{[%emt 00:00:37]} Ne4 {[%clk 01:15:02]} {[%emt 00:00:39]} 12. Nxe4 {[%clk
01:17:31]} {[%emt 00:00:40]} dxe4 {[%clk 01:15:15]} {[%emt 00:00:16]} 13. Qg4
{[%clk 01:17:46]} {[%emt 00:00:15]} h6 {[%clk 01:14:49]} {[%emt 00:00:58]} 14.
Bxh6 {[%clk 01:18:04]} {[%emt 00:00:13]} g6 {[%clk 01:12:16]} {[%emt 00:03:03]}
15. Bxf8 {[%clk 01:18:10]} {[%emt 00:00:21]} Rxf8 {[%clk 01:12:36]} {[%emt
00:00:11]} 16. h4 {[%clk 01:18:25]} {[%emt 00:00:15]} Bb4 {[%clk 01:09:11]}
{[%emt 00:03:56]} 17. Rad1 {[%clk 01:18:16]} {[%emt 00:00:37]} Qe7 {[%clk
01:09:26]} {[%emt 00:00:17]} 18. c3 {[%clk 01:18:13]} {[%emt 00:00:32]} Bc5
{[%clk 01:08:14]} {[%emt 00:01:43]} 19. h5 {[%clk 01:17:59]} {[%emt 00:00:44]}
Kh8 {[%clk 01:07:46]} {[%emt 00:00:58]} 20. hxg6 {[%clk 01:17:38]} {[%emt
00:00:51]} fxg6 {[%clk 01:07:45]} {[%emt 00:00:30]} 21. Qxg6 {[%clk 01:17:49]}
{[%emt 00:00:19]} Rg8 {[%clk 01:07:29]} {[%emt 00:00:46]} 22. Qh6+ {[%clk
01:17:39]} {[%emt 00:00:41]} Qh7 {[%clk 01:06:30]} {[%emt 00:01:28]} 23. Qxh7+
{[%clk 01:17:48]} {[%emt 00:00:22]} Kxh7 {[%clk 01:06:47]} {[%emt 00:00:12]}
24. Rd7+ {[%clk 01:18:10]} {[%emt 00:00:08]} Rg7 {[%clk 01:06:30]} {[%emt
00:00:47]} 25. Rxg7+ {[%clk 01:18:30]} {[%emt 00:00:10]} Kxg7 {[%clk 01:06:27]}
{[%emt 00:00:33]} 26. Rd1 {[%clk 01:18:53]} {[%emt 00:00:08]} b5 {[%clk
01:04:41]} {[%emt 00:02:17]} 27. Rd7+ {[%clk 01:19:10]} {[%emt 00:00:12]} Kf8
{[%clk 01:04:07]} {[%emt 00:01:03]} 28. Rxc7 {[%clk 01:19:27]} {[%emt
00:00:14]} Bb6 {[%clk 01:04:22]} {[%emt 00:00:16]} 29. Rb7 {[%clk 01:19:36]}
{[%emt 00:00:19]} Ke8 {[%clk 01:04:02]} {[%emt 00:00:50]} 30. g4 {[%clk
01:19:47]} {[%emt 00:00:19]} Kd8 {[%clk 01:02:39]} {[%emt 00:01:53]} 31. g5
{[%clk 01:20:01]} {[%emt 00:00:17]} Ke8 {[%clk 01:02:39]} {[%emt 00:00:30]} 32.
g6 {[%clk 01:20:12]} {[%emt 00:00:19]} Kf8 {[%clk 01:02:31]} {[%emt 00:00:16]}
33. Kg2 {[%clk 01:20:22]} {[%emt 00:00:39]} Bd8 {[%clk 01:02:42]} {[%emt
00:00:21]} 34. Kg3 {[%clk 01:20:24]} {[%emt 00:00:28]} a6 {[%emt 00:00:35]} 35.
Rh7 {[%emt 00:00:26]} Kg8 {[%clk 01:01:53]} {[%emt 00:00:18]} 36. f4 {[%clk
01:20:26]} {[%emt 00:00:27]} Be7 {[%clk 01:00:30]} {[%emt 00:01:55]} 37. Rxe7
{[%clk 01:20:38]} {[%emt 00:00:17]} Kf8 {[%clk 00:59:52]} {[%emt 00:01:08]} 38.
Rxe6 {[%clk 01:20:40]} {[%emt 00:00:29]} Kg7 {[%clk 01:00:00]} {[%emt
00:00:21]} 39. Rxa6 {[%clk 01:20:50]} {[%emt 00:00:19]} Kh6 {[%emt 00:00:51]}
40. g7+ {[%clk 01:20:30]} {[%emt 00:00:30]} Kxg7 {[%clk 01:00:20]} {[%emt
00:00:11]} 41. Rb6 {[%clk 01:20:40]} {[%emt 00:00:19]} Kf7 {[%clk 01:00:09]}
{[%emt 00:00:41]} 42. Rxb5 {[%clk 01:20:27]} {[%emt 00:00:43]} Ke6 {[%clk
01:00:17]} {[%emt 00:00:21]} 43. Kg4 {[%clk 01:20:42]} {[%emt 00:00:15]} Ke7
{[%clk 00:59:00]} {[%emt 00:01:49]} 44. Rb6 {[%clk 01:20:48]} {[%emt 00:00:24]}
Kf7 {[%clk 00:58:49]} {[%emt 00:00:40]} 45. a4 {[%clk 01:21:08]} {[%emt
00:00:11]} Ke7 {[%clk 00:59:04]} {[%emt 00:00:14]} 46. c4 {[%clk 01:21:23]}
{[%emt 00:00:16]} Kd7 {[%clk 00:59:17]} {[%emt 00:00:16]} 47. c5 {[%clk
01:21:36]} {[%emt 00:00:17]} Kc7 {[%clk 00:58:06]} {[%emt 00:01:42]} 48. a5
{[%clk 01:21:41]} {[%emt 00:00:25]} Kc8 {[%clk 00:57:46]} {[%emt 00:00:50]} 49.
a6 {[%clk 01:21:52]} {[%emt 00:00:19]} Kc7 {[%clk 00:57:58]} {[%emt 00:00:18]}
50. a7 {[%clk 01:22:10]} {[%emt 00:00:12]} Kc8 {[%clk 00:57:47]} {[%emt
00:00:40]} 51. a8=Q+ {[%clk 01:21:30]} {[%emt 00:00:40]} Kc7 {[%clk 00:58:06]}
{[%emt 00:00:42]} 52. Qa7+ {[%clk 01:21:49]} {[%emt 00:00:09]} Kc8 {[%emt
00:01:43]} 1-0

[Event "DEM U10 2021"]
[Site "Willingen GER"]
[Date "2021.08.24"]
[Round "3"]
[White "Herrmann, Arthur"]
[Black "Nemitz, Alfred"]
[Result "1-0"]
[Termination "normal"]
[Board "1"]
[WhiteElo "1191"]
[BlackElo "1280"]
[WhiteClock "00:35:27"]
[BlackClock "00:47:12"]
[PlyCount "67"]
[WhiteFideId "16287150"]
[BlackFideId "34601791"]
[EventCountry "GER"]
[EventRounds "11"]
[EventType "swiss"]
[EventDate "2021.08.22"]

1. e4 {[%clk 01:15:58]} {[%emt 00:00:02]} e5 {[%clk 01:15:49]} {[%emt
00:00:10]} 2. Nf3 {[%clk 01:16:24]} {[%emt 00:00:04]} Nf6 {[%clk 01:16:03]}
{[%emt 00:00:15]} 3. Nxe5 {[%clk 01:16:47]} {[%emt 00:00:07]} d6 {[%clk
01:16:27]} {[%emt 00:00:07]} 4. Nf3 {[%clk 01:17:09]} {[%emt 00:00:07]} Nxe4
{[%clk 01:16:50]} {[%emt 00:00:07]} 5. c4 {[%clk 01:17:34]} {[%emt 00:00:06]}
c6 {[%clk 01:10:00]} {[%emt 00:07:19]} 6. d3 {[%clk 01:17:40]} {[%emt
00:00:24]} Nf6 {[%clk 01:10:23]} {[%emt 00:00:07]} 7. d4 {[%clk 01:17:55]}
{[%emt 00:00:16]} d5 {[%clk 01:10:31]} {[%emt 00:00:23]} 8. Nc3 {[%clk
01:16:46]} {[%emt 00:01:38]} Be6 {[%clk 01:06:52]} {[%emt 00:04:06]} 9. c5
{[%clk 01:14:10]} {[%emt 00:03:08]} h6 {[%clk 01:04:52]} {[%emt 00:02:29]} 10.
Bd3 {[%clk 01:12:17]} {[%emt 00:02:24]} Nbd7 {[%clk 01:05:05]} {[%emt
00:00:18]} 11. O-O {[%clk 01:10:48]} {[%emt 00:01:59]} b6 {[%clk 01:05:09]}
{[%emt 00:00:25]} 12. b4 {[%clk 01:08:41]} {[%emt 00:02:38]} a5 {[%clk
01:05:22]} {[%emt 00:00:17]} 13. b5 {[%clk 01:07:35]} {[%emt 00:01:36]} cxb5
{[%clk 01:00:48]} {[%emt 00:05:04]} 14. c6 {[%clk 01:06:04]} {[%emt 00:02:01]}
Nb8 {[%clk 01:01:12]} {[%emt 00:00:04]} 15. Bxb5 {[%clk 01:05:33]} {[%emt
00:01:03]} Qc7 {[%clk 01:01:29]} {[%emt 00:00:13]} 16. Ne5 {[%clk 01:02:01]}
{[%emt 00:04:02]} Bd6 {[%clk 01:01:10]} {[%emt 00:00:45]} 17. f4 {[%clk
01:00:11]} {[%emt 00:02:25]} O-O {[%clk 01:00:04]} {[%emt 00:01:35]} 18. Qc2
{[%clk 00:57:01]} {[%emt 00:03:41]} g6 {[%clk 00:50:23]} {[%emt 00:10:11]} 19.
f5 {[%clk 00:46:42]} {[%emt 00:10:49]} Bxf5 {[%clk 00:50:15]} {[%emt 00:00:38]}
20. Rxf5 {[%clk 00:46:30]} {[%emt 00:00:42]} gxf5 {[%clk 00:50:31]} {[%emt
00:00:14]} 21. Qxf5 {[%clk 00:45:29]} {[%emt 00:01:32]} Bxe5 {[%clk 00:49:49]}
{[%emt 00:01:11]} 22. dxe5 {[%clk 00:42:58]} {[%emt 00:03:02]} Nh7 {[%clk
00:49:17]} {[%emt 00:01:02]} 23. Bxh6 {[%clk 00:39:20]} {[%emt 00:04:08]} Qc8
{[%clk 00:48:04]} {[%emt 00:01:43]} 24. e6 {[%clk 00:37:05]} {[%emt 00:02:45]}
Qxe6 {[%clk 00:46:12]} {[%emt 00:02:21]} 25. Qxe6 {[%clk 00:37:20]} {[%emt
00:00:15]} fxe6 {[%clk 00:46:30]} {[%emt 00:00:12]} 26. Bxf8 {[%clk 00:37:36]}
{[%emt 00:00:14]} Nxf8 {[%clk 00:46:34]} {[%emt 00:00:26]} 27. c7 {[%clk
00:35:34]} {[%emt 00:02:32]} Nbd7 {[%clk 00:46:54]} {[%emt 00:00:10]} 28. Ba6
{[%clk 00:35:40]} {[%emt 00:00:24]} d4 {[%clk 00:46:48]} {[%emt 00:00:36]} 29.
Nd1 {[%clk 00:35:43]} {[%emt 00:00:27]} Nc5 {[%clk 00:46:02]} {[%emt 00:01:16]}
30. c8=Q {[%clk 00:35:38]} {[%emt 00:00:33]} Rxc8 {[%clk 00:46:30]} {[%emt
00:00:03]} 31. Bxc8 {[%clk 00:35:54]} {[%emt 00:00:16]} Kf7 {[%clk 00:46:46]}
{[%emt 00:00:14]} 32. Rb1 {[%clk 00:35:52]} {[%emt 00:00:32]} Ng6 {[%clk
00:46:46]} {[%emt 00:00:29]} 33. Rxb6 {[%clk 00:35:27]} {[%emt 00:00:56]} Ne7
{[%clk 00:47:12]} {[%emt 00:00:02]} 34. Bb7 {[%emt 00:01:31]} 1-0

[Event "DEM U10 2021"]
[Site "Willingen GER"]
[Date "2021.08.24"]
[Round "3"]
[White "Stichter, Constantin"]
[Black "Shen, Tingrui"]
[Result "1/2-1/2"]
[Termination "normal"]
[Board "2"]
[WhiteElo "1444"]
[BlackElo "1508"]
[WhiteClock "00:44:17"]
[BlackClock "01:15:30"]
[PlyCount "44"]
[WhiteFideId "34603140"]
[BlackFideId "34603441"]
[EventCountry "GER"]
[EventRounds "11"]
[EventType "swiss"]
[EventDate "2021.08.22"]

1. e4 {[%clk 01:15:49]} {[%emt 00:00:11]} c5 {[%clk 01:15:47]} {[%emt
00:00:13]} 2. Nc3 {[%clk 01:16:13]} {[%emt 00:00:06]} Nc6 {[%clk 01:16:02]}
{[%emt 00:00:15]} 3. f4 {[%clk 01:16:29]} {[%emt 00:00:15]} g6 {[%clk
01:16:16]} {[%emt 00:00:15]} 4. Bb5 {[%clk 01:16:12]} {[%emt 00:00:47]} Nd4
{[%clk 01:16:06]} {[%emt 00:00:39]} 5. Nf3 {[%clk 01:16:26]} {[%emt 00:00:17]}
a6 {[%clk 01:16:16]} {[%emt 00:00:20]} 6. Bc4 {[%clk 01:16:19]} {[%emt
00:00:37]} Bg7 {[%clk 01:14:36]} {[%emt 00:02:09]} 7. e5 {[%clk 01:16:23]}
{[%emt 00:00:27]} Nc6 {[%clk 01:13:04]} {[%emt 00:02:02]} 8. Ng5 {[%clk
01:16:06]} {[%emt 00:00:48]} e6 {[%clk 01:11:15]} {[%emt 00:02:18]} 9. Nce4
{[%clk 01:16:21]} {[%emt 00:00:15]} Nxe5 {[%clk 01:08:03]} {[%emt 00:03:41]}
10. fxe5 {[%clk 01:13:58]} {[%emt 00:02:54]} Bxe5 {[%clk 01:07:54]} {[%emt
00:00:38]} 11. Nf3 {[%clk 01:05:52]} {[%emt 00:08:37]} Bg7 {[%clk 01:04:19]}
{[%emt 00:04:04]} 12. Nd6+ {[%clk 01:05:03]} {[%emt 00:01:21]} Ke7 {[%clk
01:01:30]} {[%emt 00:03:19]} 13. Nxc8+ {[%clk 01:04:42]} {[%emt 00:00:52]} Rxc8
{[%clk 01:01:08]} {[%emt 00:00:50]} 14. O-O {[%clk 01:04:35]} {[%emt 00:00:37]}
d5 {[%clk 01:01:17]} {[%emt 00:00:21]} 15. Be2 {[%clk 01:03:37]} {[%emt
00:01:28]} Nh6 {[%clk 00:55:59]} {[%emt 00:05:48]} 16. d4 {[%clk 00:58:35]}
{[%emt 00:05:33]} Qb6 {[%clk 00:52:44]} {[%emt 00:03:44]} 17. c3 {[%clk
00:58:03]} {[%emt 00:01:03]} Nf5 {[%clk 00:51:45]} {[%emt 00:01:28]} 18. g4
{[%clk 00:56:29]} {[%emt 00:02:04]} cxd4 {[%clk 00:45:37]} {[%emt 00:06:38]}
19. Kh1 {[%clk 00:46:37]} {[%emt 00:10:22]} Ne3 {[%clk 00:44:39]} 20. Bxe3
{[%clk 00:46:18]} {[%emt 00:03:06]} dxe3 {[%clk 00:44:45]} {[%emt 00:00:16]}
21. Nd4 {[%clk 00:46:15]} {[%emt 00:00:34]} Rhd8 {[%clk 00:42:42]} {[%emt
00:02:23]} 22. Qd3 {[%clk 00:44:17]} {[%emt 00:02:38]} Bh6 {[%clk 01:15:30]}
{[%emt 00:06:39]} 1/2-1/2